Les gauchers en équipe de France depuis 2015 - Statistiques

Statistiques générales
  • Ce quiz a été pris 39 fois
  • Le résultat moyen est 11 sur 36
Statistiques - réponses
Hint Réponse % Correct
AT Griezmann
92%
GK Lloris
78%
? Dembele
75%
BU Giroud
69%
DG Digne
61%
MOC Fekir
56%
MC Matuidi
56%
DG Evra
50%
MC Rabiot
50%
DC Umtiti
42%
GK Samba
39%
MC/DG Camavinga
36%
DG B.Mendy
33%
DG F.Mendy
33%
DC Kimpembe
33%
DC L.Hernandez
33%
DG T.Hernandez
33%
AG Thauvin
31%
DC Lenglet
25%
MO Lemar
22%
DG Kurzawa
19%
DC Laporte
17%
DC Sakho
17%
MC Tolisso
17%
MOC Ben Arfa
14%
DC Mathieu
14%
DG Trémoulinas
14%
MC Bakayoko
8%
MC Kondogbia
8%
MC Kondogbia
8%
DC Mangala
8%
DG Amavi
6%
DC Lukeba
6%
DG Truffert
6%
GK Lecomte
3%
MO Ikoné
0%
Aucun quiz correspondant
Distribution des résultats
% des personnes avec chaque résultat
Percentile par nombre de réponses
Votre historique - résultats
Vous n’avez pas pris ce quiz